Maitland's Clinical Companion: an essential for student (Record no. 4448)
[ view plain ]
| 000 -LEADER | |
|---|---|
| fixed length control field | 00594nam a22002057a 4500 |
| 003 - CONTROL NUMBER IDENTIFIER | |
| control field | OSt |
| 005 - DATE AND TIME OF LATEST TRANSACTION | |
| control field | 20160622182047.0 |
| 008 - FIXED-LENGTH DATA ELEMENTS--GENERAL INFORMATION | |
| fixed length control field | 160622b xxu||||| |||| 00| 0 eng d |
| 020 ## - INTERNATIONAL STANDARD BOOK NUMBER | |
| International Standard Book Number | 9780443069338 |
| 040 ## - CATALOGING SOURCE | |
| Transcribing agency | DNLM |
| 082 ## - DEWEY DECIMAL CLASSIFICATION NUMBER | |
| Classification number | WE100 B226m 2010 |
| 100 ## - MAIN ENTRY--PERSONAL NAME | |
| Personal name | Banks, Kevin; Hengeveld, Elly |
| 9 (RLIN) | 9551 |
| 245 ## - TITLE STATEMENT | |
| Title | Maitland's Clinical Companion: an essential for student |
| 260 ## - PUBLICATION, DISTRIBUTION, ETC. (IMPRINT) | |
| Place of publication, distribution, etc. | Edinburgh; Churchill, 2010 |
| 300 ## - PHYSICAL DESCRIPTION | |
| Extent | xiii,684p; col.ill: 20cm |
| 504 ## - BIBLIOGRAPHY, ETC. NOTE | |
| Bibliography, etc | Appendice, & index included |
| 650 ## - SUBJECT ADDED ENTRY--TOPICAL TERM | |
| Topical term or geographic name as entry element | Physiotherapy |
| 9 (RLIN) | 1959 |
| 650 ## - SUBJECT ADDED ENTRY--TOPICAL TERM | |
| Topical term or geographic name as entry element | Musculoskeletal system |
| 9 (RLIN) | 161 |
| 942 ## - ADDED ENTRY ELEMENTS (KOHA) | |
| Source of classification or shelving scheme | Other/Generic Classification Scheme |
| Koha item type | Open Shelf |
| Withdrawn status | Lost status | Source of classification or shelving scheme | Damaged status | Not for loan | Home library | Current library | Date acquired | Source of acquisition | Inventory number | Total Checkouts | Full call number | Barcode | Date last seen | Koha item type |
|---|---|---|---|---|---|---|---|---|---|---|---|---|---|---|
| Other/Generic Classification Scheme | MUST Main Library | MUST Main Library | 22/06/2016 | 11/35452 | WE100 B226m 2010 | 2016-2662 | 22/06/2016 | Open Shelf |
